| 000 | 00671nam a22002534a 4500 | ||
|---|---|---|---|
| 001 | UByD003443 | ||
| 003 | AR-LpoUNG | ||
| 005 | 20241210124747.0 | ||
| 008 | 241205s2024 ag j 000 f spa d | ||
| 020 | _a9789500770903 | ||
| 040 |
_aAR-LpoUNG _bspa _cAR-LpoUNG _eaacr |
||
| 041 | 0 | _aspa | |
| 082 | 0 | _a808.068 3 357nue | |
| 100 | 1 | _aDellutri, Ezequiel | |
| 245 | 1 | 0 | _aNuestro propio cielo |
| 250 | _a1ra. ed. | ||
| 260 |
_aBuenos Aires : _bSudamericana, _c2024. |
||
| 300 | _a164 p. | ||
| 505 | _aSugerido a partir de 12 aƱos (etiqueta FUCSIA). | ||
| 650 | 4 | _aLITERATURA | |
| 650 | 4 | _aNARRATIVA | |
| 653 | 0 | _aLITERATURA INFANTOJUVENIL | |
| 942 |
_2ddc _cLIB |
||
| 999 |
_c66123 _d66123 |
||